[Event "Xtracon Chess Open 2016"]
[Site "Elsinore"]
[Date "2016.07.28"]
[Round "7.102"]
[White "Jensen, Michael Agermose"]
[Black "Nielsen, Henrik Wendelbo"]
[Result "1-0"]
[WhiteElo "2001"]
[BlackElo "1815"]
[PlyCount "45"]
[EventDate "2016.07.23"]

1. e4 c6 2. d4 d5 3. e5 Bf5 4. h4 h6 5. g4 Bd7 6. c4 e6 7. Nc3 Ne7 8. h5 Qa5 9.
Bd2 Qc7 10. c5 Na6 11. a3 Bc8 12. b4 b5 13. Bxb5 Rb8 14. Bd3 Qb7 15. Rb1 Nc7
16. b5 Qa8 17. a4 Bd7 18. Qe2 Nc8 19. Nf3 Be7 20. O-O Kd8 21. Rb2 Rf8 22. Rfb1
cxb5 23. axb5 1-0

[Event "Xtracon Chess Open 2016"]
[Site "Elsinore"]
[Date "2016.07.28"]
[Round "7.103"]
[White "Schmied, Andreas"]
[Black "Rasmussen, Morten(1956)"]
[Result "1-0"]
[WhiteElo "1995"]
[BlackElo "1808"]
[PlyCount "75"]
[EventDate "2016.07.23"]

1. d4 f5 2. c4 Nf6 3. Nc3 g6 4. Bg5 Bg7 5. Qd2 d6 6. Bh6 O-O 7. Bxg7 Kxg7 8.
Nf3 Qe8 9. d5 e5 10. dxe6 Bxe6 11. e3 h6 12. Be2 Na6 13. O-O Qe7 14. Nd5 Qd7
15. Nxf6 Rxf6 16. b4 Qe7 17. a3 c5 18. Rfd1 Bg8 19. Rac1 b6 20. Ne1 Rc8 21. Rc2
g5 22. Rdc1 Rd8 23. Bf3 f4 24. exf4 Rxf4 25. Be2 Nc7 26. g3 Rf6 27. Rc3 d5 28.
cxd5 Rxd5 29. Rd3 Rxd3 30. Bxd3 cxb4 31. axb4 Ne6 32. Nc2 Qd6 33. Qc3 Qc7 34.
Qb2 Qd8 35. Rd1 Bh7 36. Be2 Qe7 37. Ne3 Kf8 38. Nd5 1-0

[Event "Xtracon Chess Open 2016"]
[Site "Elsinore"]
[Date "2016.07.28"]
[Round "7.104"]
[White "Rasdal, Yngve"]
[Black "Garberg, Tore"]
[Result "1-0"]
[WhiteElo "1794"]
[BlackElo "1989"]
[PlyCount "53"]
[EventDate "2016.07.23"]

1. d4 c5 2. d5 Nf6 3. c4 b5 4. Qc2 bxc4 5. e4 d6 6. Bxc4 Nbd7 7. f4 g6 8. Nf3
Nb6 9. Bb5+ Bd7 10. Nc3 Bg7 11. Bxd7+ Qxd7 12. O-O O-O 13. Rb1 e6 14. dxe6 fxe6
15. e5 Nfd5 16. Ne4 Nb4 17. Qb3 dxe5 18. Nxc5 Qd6 19. Qxb4 e4 20. Ne5 Rac8 21.
Be3 Nd5 22. Qd4 Rfd8 23. Nb7 Nxf4 24. Qxd6 Ne2+ 25. Kh1 Rxd6 26. Nxd6 Rd8 27.
Ndc4 1-0

[Event "Xtracon Chess Open 2016"]
[Site "Elsinore"]
[Date "2016.07.28"]
[Round "7.105"]
[White "Kakulidis, Ellen"]
[Black "Rasmussen, Jonas H"]
[Result "1-0"]
[WhiteElo "1989"]
[BlackElo "1805"]
[PlyCount "65"]
[EventDate "2016.07.23"]

1. d4 Nf6 2. c4 c5 3. e3 g6 4. Nc3 Bg7 5. Nf3 O-O 6. Be2 d6 7. O-O Nbd7 8. d5
a6 9. Qc2 b5 10. cxb5 axb5 11. Bxb5 Ba6 12. e4 Bxb5 13. Nxb5 Qa5 14. a4 Qb4 15.
Re1 Ne5 16. Bd2 Qc4 17. Qxc4 Nxc4 18. Bc3 Nd7 19. Bxg7 Kxg7 20. b3 Nce5 21. Nd2
Nd3 22. Re2 N7e5 23. g3 Nb4 24. f4 Ned3 25. Nc4 Rfb8 26. Rd1 f6 27. Red2 Rb7
28. Rxd3 Nxd3 29. Rxd3 Kf7 30. Ncxd6+ exd6 31. Nxd6+ Ke7 32. Nxb7 Rc8 33. Rc3
1-0

[Event "Xtracon Chess Open 2016"]
[Site "Elsinore"]
[Date "2016.07.28"]
[Round "7.106"]
[White "Mansoor, Afras"]
[Black "Kyrkjebo, Hanna Bakken"]
[Result "1-0"]
[WhiteElo "1719"]
[BlackElo "1987"]
[PlyCount "139"]
[EventDate "2016.07.23"]

1. d4 d5 2. c4 c6 3. Nf3 Nf6 4. e3 g6 5. Nc3 Bg7 6. Be2 O-O 7. O-O a6 8. Ne5
Nbd7 9. f4 e6 10. g4 Qc7 11. Qe1 Ne8 12. g5 Nd6 13. Bd3 dxc4 14. Bc2 f5 15. Qh4
Nxe5 16. fxe5 Nb5 17. Ne2 Qe7 18. a4 Nc7 19. b3 Qd7 20. bxc4 b5 21. axb5 cxb5
22. Rf3 Bb7 23. Rh3 Bh8 24. Nf4 Qf7 25. d5 Bxe5 26. Rb1 exd5 27. cxd5 Bxf4 28.
exf4 Bxd5 29. Bb2 Ne6 30. Bf6 Ra7 31. Rd1 Qb7 32. Bxf5 Qb6+ 33. Kf1 Bc4+ 34.
Kg2 Qb7+ 35. Kg1 Qb6+ 36. Kh1 Rxf6 37. gxf6 gxf5 38. Qg3+ Kf8 39. Qf3 Nd4 40.
Qe3 Qc6+ 41. Kg1 Ne2+ 42. Kf2 Qa8 43. Qb6 Ke8 44. Re3+ Kf7 45. Rd8 Qb7 46. Re7+
Qxe7 47. fxe7 Rxe7 48. Qd6 Nc3 49. Qxa6 Re2+ 50. Kg1 Re1+ 51. Kg2 Re2+ 52. Kh3
Re7 53. Qc8 Ne4 54. Qxf5+ Nf6 55. Qg5 Be6+ 56. Kg2 Bc4 57. Rd2 Ne4 58. Qf5+ Ke8
59. Qh5+ Bf7 60. Qxb5+ Kf8 61. Rd8+ Kg7 62. Qe2 Re6 63. Qb2+ Nf6 64. f5 Rc6 65.
Rb8 Bd5+ 66. Kg1 Bf7 67. Qg2+ Kh6 68. Qxc6 Kg7 69. Qc3 Bd5 70. Rb6 1-0

[Event "Xtracon Chess Open 2016"]
[Site "Elsinore"]
[Date "2016.07.28"]
[Round "7.107"]
[White "Svedberg, Hans"]
[Black "Gula, Julian"]
[Result "0-1"]
[WhiteElo "1985"]
[BlackElo "1801"]
[PlyCount "62"]
[EventDate "2016.07.23"]

1. e4 e5 2. Nf3 Nc6 3. Bb5 a6 4. Ba4 Nge7 5. c3 g6 6. d4 exd4 7. cxd4 b5 8. Bb3
Bg7 9. O-O O-O 10. a4 Bb7 11. Nc3 b4 12. Ne2 Na5 13. d5 Nxb3 14. Qxb3 a5 15.
Ned4 d6 16. Bg5 h6 17. Be3 c6 18. dxc6 Nxc6 19. Nb5 Qf6 20. Nfd4 Ne7 21. Nc7
Rac8 22. Nd5 Nxd5 23. exd5 Qe5 24. Nc6 Bxc6 25. dxc6 Rxc6 26. Rad1 Qxb2 27. Qd5
Rfc8 28. Qxa5 b3 29. Qb5 Qa2 30. Rd3 b2 31. Rb3 Rc1 0-1

[Event "Xtracon Chess Open 2016"]
[Site "Elsinore"]
[Date "2016.07.28"]
[Round "7.108"]
[White "Larsen, Ulrik"]
[Black "Sather, Lars"]
[Result "1-0"]
[WhiteElo "1983"]
[BlackElo "1799"]
[PlyCount "61"]
[EventDate "2016.07.23"]

1. e4 e6 2. d4 d6 3. Nc3 c6 4. f4 g6 5. Nf3 Bg7 6. Bd3 f5 7. O-O Ne7 8. exf5
exf5 9. Re1 O-O 10. Qe2 Bf6 11. Ng5 Bxd4+ 12. Be3 Bxc3 13. bxc3 h6 14. Bc4+ d5
15. Bc5 hxg5 16. Bxe7 Qb6+ 17. Kh1 Rf7 18. Bxg5 Bd7 19. Bb3 Na6 20. c4 Nc5 21.
Bh4 Nxb3 22. axb3 a6 23. Bf2 Qc7 24. Qf3 dxc4 25. bxc4 c5 26. Re5 Bc6 27. Qg3
b6 28. Rae1 Rd8 29. Qg5 Rd6 30. Qh6 Rh7 31. Re8+ 1-0

[Event "Xtracon Chess Open 2016"]
[Site "Elsinore"]
[Date "2016.07.28"]
[Round "7.109"]
[White "Rolstad, Morten"]
[Black "Bremer, Erik"]
[Result "1/2-1/2"]
[WhiteElo "1720"]
[BlackElo "1458"]
[PlyCount "82"]
[EventDate "2016.07.23"]

1. e4 c5 2. Nf3 d6 3. Bb5+ Bd7 4. Bxd7+ Qxd7 5. c4 Nc6 6. Nc3 e6 7. d4 cxd4 8.
Nxd4 a6 9. O-O Nf6 10. b3 Be7 11. Be3 O-O 12. f4 Qc7 13. Rc1 Rac8 14. Kh1 Rfd8
15. Qf3 Rf8 16. h3 Nxd4 17. Bxd4 Qc6 18. Qe2 Rce8 19. Bg1 Nd7 20. Bd4 Nf6 21.
Rfe1 Qd7 22. Rcd1 Qc6 23. Na4 Nd7 24. Qg4 Nf6 25. Qe2 Nd7 26. Rd2 Bf6 27. Bxf6
Nxf6 28. Nc3 Rd8 29. Red1 Ne8 30. Qe3 Rc8 31. Rd3 Qc5 32. Na4 Qxe3 33. Rxe3 Rc6
34. e5 dxe5 35. fxe5 b5 36. cxb5 axb5 37. Nc3 Nc7 38. Ne4 Nd5 39. Red3 Rfc8 40.
Nd6 Rb8 41. Ne4 b4 1/2-1/2

[Event "Xtracon Chess Open 2016"]
[Site "Elsinore"]
[Date "2016.07.28"]
[Round "7.110"]
[White "Taksrud, Vidar"]
[Black "Zakariassen, Tom"]
[Result "1-0"]
[WhiteElo "1979"]
[BlackElo "1797"]
[PlyCount "105"]
[EventDate "2016.07.23"]

1. c4 Nf6 2. Nf3 e6 3. g3 d5 4. Bg2 Be7 5. O-O O-O 6. d4 c6 7. Nc3 Nbd7 8. cxd5
cxd5 9. Bf4 a6 10. Rc1 Nh5 11. Bd2 b5 12. Ne5 Nxe5 13. dxe5 g6 14. Bh6 Ng7 15.
e4 b4 16. exd5 bxc3 17. d6 cxb2 18. dxe7 Qxe7 19. Bxa8 bxc1=Q 20. Qxc1 Bb7 21.
Bg5 Qd7 22. Rd1 Qb5 23. Bxb7 Qxb7 24. Bf6 Rc8 25. Qd2 Qc7 26. g4 Qc4 27. h3 Ne8
28. Qd7 Qc6 29. Qxc6 Rxc6 30. Rd8 Kf8 31. Ra8 Rc3 32. Kg2 Ra3 33. Bg5 Rxa2 34.
Bh6+ Ke7 35. Ra7+ Kd8 36. Bg5+ Kc8 37. Ra8+ Kd7 38. Rd8+ Kc6 39. Rxe8 Kd5 40.
Bf6 a5 41. Re7 a4 42. Rxf7 h5 43. gxh5 gxh5 44. Ra7 Ra1 45. Ra5+ Ke4 46. Be7
Kf4 47. Bd6 h4 48. Be7 Ke4 49. Bxh4 a3 50. Bf6 a2 51. h4 Kf4 52. h5 Kf5 53. Ra4
1-0

[Event "Xtracon Chess Open 2016"]
[Site "Elsinore"]
[Date "2016.07.28"]
[Round "7.111"]
[White "Svensson, Lars Ake"]
[Black "Satre, Roger"]
[Result "0-1"]
[WhiteElo "1972"]
[BlackElo "1797"]
[PlyCount "102"]
[EventDate "2016.07.23"]

1. e4 e6 2. d3 d5 3. Nd2 c5 4. Ngf3 Nc6 5. g3 Nf6 6. Bg2 Be7 7. O-O b5 8. Re1
O-O 9. e5 Nd7 10. Nf1 a5 11. h4 b4 12. N1h2 Qc7 13. Bf4 a4 14. Ng4 h5 15. Ngh2
Ba6 16. Bf1 a3 17. b3 Rfd8 18. g4 hxg4 19. Nxg4 f5 20. Ngh2 c4 21. d4 Qb6 22.
Be3 Rf8 23. Bh3 Nd8 24. Bg5 Bxg5 25. Nxg5 g6 26. Nhf3 Nf7 27. Kh2 Nxg5 28. Nxg5
Ra7 29. Qd2 Re8 30. Rg1 Nf8 31. Qf4 Rg7 32. Rg3 Ree7 33. Rag1 cxb3 34. cxb3 Be2
35. Nf3 Bxf3 36. Qxf3 Qxd4 37. Qe3 Qxe3 38. Rxe3 Rc7 39. Re2 Rc3 40. f4 Rh7 41.
Rg3 Rxh4 42. Rxc3 bxc3 43. Kg3 Rh7 44. Rc2 d4 45. Bf1 Rh1 46. Kg2 Rh4 47. Kg3
Rg4+ 48. Kf3 g5 49. fxg5 Ng6 50. Ba6 Nxe5+ 51. Kf2 Nc6 0-1

[Event "Xtracon Chess Open 2016"]
[Site "Elsinore"]
[Date "2016.07.28"]
[Round "7.112"]
[White "Mehringer, Joerg"]
[Black "Andberg, Tor Arne Heim"]
[Result "0-1"]
[WhiteElo "1966"]
[BlackElo "1727"]
[PlyCount "104"]
[EventDate "2016.07.23"]

1. e4 c5 2. g3 d5 3. exd5 Qxd5 4. Nf3 Bg4 5. Bg2 Qe6+ 6. Kf1 Nc6 7. h3 Bh5 8.
d3 Qd7 9. Na3 f6 10. Nc4 O-O-O 11. Be3 e5 12. Qd2 Bd6 13. Nxd6+ Qxd6 14. g4 Bf7
15. Qc3 b6 16. a3 Nge7 17. b4 Nd5 18. bxc5 Nxc3 19. cxd6 Rxd6 20. Bd2 Na4 21.
Bb4 Rd7 22. Nd2 Bd5 23. Ne4 Kc7 24. c4 Be6 25. Bd6+ Rxd6 26. Nxd6 Kxd6 27. Bxc6
Kxc6 28. Ke2 Rd8 29. Ke3 Bf7 30. Rhd1 Nc5 31. Rac1 Rd4 32. f3 Bg6 33. Rc3 h6
34. h4 h5 35. Rg1 Rd7 36. gxh5 Bxh5 37. f4 exf4+ 38. Kxf4 g6 39. Ke3 Ne6 40.
Re1 Nd4 41. Kf4 Ne2+ 42. Rxe2 Bxe2 43. Ke3 Bg4 44. d4 Rh7 45. c5 b5 46. a4 b4
47. Rc1 a5 48. Ke4 Be6 49. Rf1 Rxh4+ 50. Ke3 f5 51. Rg1 Bf7 52. Re1 Re4+ 0-1

[Event "Xtracon Chess Open 2016"]
[Site "Elsinore"]
[Date "2016.07.28"]
[Round "7.113"]
[White "Brokso, Kim"]
[Black "Thomsen, Kim R"]
[Result "0-1"]
[WhiteElo "1713"]
[BlackElo "1966"]
[PlyCount "68"]
[EventDate "2016.07.23"]

1. e4 e5 2. Nf3 Nc6 3. Bc4 Bc5 4. h3 Nf6 5. d3 d6 6. c3 O-O 7. b4 Bb6 8. a4 a5
9. b5 Ne7 10. Qb3 c6 11. Ba3 Ng6 12. bxc6 bxc6 13. Bxd6 Bxf2+ 14. Kxf2 Qxd6 15.
Qa3 Qc7 16. Qc5 Nd7 17. Qe3 Nb6 18. Bb3 c5 19. Nbd2 Ba6 20. c4 Rad8 21. Bc2 Rd6
22. Nb3 Nd7 23. g3 f5 24. exf5 Rxf5 25. Rhf1 Ndf8 26. Nxc5 Bb7 27. Nxb7 Qxb7
28. Qe4 Qf7 29. Kg2 Qd7 30. Nxe5 Rxe5 31. Qxe5 Nxe5 32. c5 Qc6+ 33. Kg1 Qxc5+
34. Rf2 Rf6 0-1

[Event "Xtracon Chess Open 2016"]
[Site "Elsinore"]
[Date "2016.07.28"]
[Round "7.114"]
[White "Hansen, Simon L"]
[Black "Nielsen, Morten"]
[Result "1/2-1/2"]
[WhiteElo "1636"]
[BlackElo "1965"]
[PlyCount "55"]
[EventDate "2016.07.23"]

1. Nf3 Nf6 2. g3 g6 3. Bg2 Bg7 4. O-O O-O 5. d4 d6 6. c4 Nc6 7. Nc3 a6 8. e4
Bg4 9. Be3 Nd7 10. Rc1 e5 11. d5 Nd4 12. h3 Nxf3+ 13. Bxf3 Bxh3 14. Bg2 Bxg2
15. Kxg2 f5 16. Qd2 Qf6 17. Bg5 Qf7 18. Rh1 fxe4 19. Rce1 Qf3+ 20. Kg1 Rf7 21.
Nxe4 Nc5 22. Nxc5 dxc5 23. Rh4 b5 24. Be3 Bf8 25. b3 Bd6 26. Qe2 Qxe2 27. Rxe2
b4 28. Re4 1/2-1/2

[Event "Xtracon Chess Open 2016"]
[Site "Elsinore"]
[Date "2016.07.28"]
[Round "7.115"]
[White "Merkesvik, Amalie Isabel"]
[Black "Molvig, Julius"]
[Result "0-1"]
[WhiteElo "1574"]
[BlackElo "1964"]
[PlyCount "112"]
[EventDate "2016.07.23"]

1. e4 c5 2. Nf3 e6 3. d4 cxd4 4. Nxd4 a6 5. Nc3 Qc7 6. Be2 Nf6 7. Be3 Bb4 8.
Bd2 Bxc3 9. Bxc3 Nxe4 10. Qd3 Nxc3 11. bxc3 d5 12. O-O Nd7 13. Nb3 O-O 14. f4
b6 15. Qd4 Bb7 16. f5 Qe5 17. fxe6 fxe6 18. Bg4 Qd6 19. Qe3 Rxf1+ 20. Rxf1 Re8
21. Nd4 Nc5 22. Re1 e5 23. Nf5 Qc7 24. Ng3 e4 25. Rf1 Bc8 26. Bxc8 Qxc8 27. Qg5
Qd8 28. Qg4 Rf8 29. Nf5 g6 30. Nh6+ Kg7 31. Nf5+ Kh8 32. Nd4 Rxf1+ 33. Kxf1
Qf6+ 34. Ke2 Kg7 35. Qc8 h5 36. Qc7+ Kh6 37. Qg3 g5 38. Qe3 Kg6 39. g3 Kf7 40.
Nb3 Nd7 41. Nd4 Ne5 42. h3 Nc4 43. Qc1 Kg6 44. Qg1 b5 45. Qa1 Ne5 46. Qc1 Nf3
47. Qe3 Nxd4+ 48. cxd4 Qc6 49. Kd2 Qc4 50. Qc3 Qxc3+ 51. Kxc3 Kf5 52. Kd2 h4
53. gxh4 gxh4 54. Ke3 Kg5 55. c3 Kf5 56. a3 Kg5 0-1

[Event "Xtracon Chess Open 2016"]
[Site "Elsinore"]
[Date "2016.07.28"]
[Round "7.116"]
[White "Andersen, Per O"]
[Black "Bennett, Rhys"]
[Result "1-0"]
[WhiteElo "1962"]
[BlackElo "1711"]
[PlyCount "117"]
[EventDate "2016.07.23"]

1. d4 d5 2. c4 e6 3. Nf3 Nf6 4. g3 Be7 5. Bg2 O-O 6. O-O dxc4 7. Qc2 a6 8. a4
Bd7 9. Qxc4 Bc6 10. Bf4 Nbd7 11. Rd1 Nb6 12. Qc2 Rc8 13. Nc3 Nfd5 14. e4 Nxf4
15. gxf4 Kh8 16. Ne5 Qe8 17. a5 Nd7 18. Nxc6 bxc6 19. e5 Nb8 20. Ne4 f5 21. Nc5
Bxc5 22. Qxc5 Qg6 23. Ra3 h6 24. Rg3 Qe8 25. Rc1 Rd8 26. Bxc6 Nxc6 27. Qxc6
Rxd4 28. Qxe8 Rxe8 29. Rxc7 Rxf4 30. Rgxg7 Rg8 31. Rxg8+ Kxg8 32. Re7 Ra4 33.
Rxe6 Rxa5 34. Rxh6 Rxe5 35. Rxa6 Rb5 36. Ra2 Kf7 37. Kf1 Rb3 38. Kg2 Kg6 39. f3
Kg5 40. Kg3 Rb4 41. Ra5 Rxb2 42. h4+ Kg6 43. Ra6+ Kh5 44. Rf6 Rb5 45. Kf4 Rb4+
46. Kxf5 Kxh4 47. f4 Kg3 48. Kg5 Ra4 49. Rf8 Kf3 50. f5 Ke4 51. Re8+ Kf3 52.
Kg6 Rg4+ 53. Kf6 Kf4 54. Ra8 Kg3 55. Kf7 Kh4 56. f6 Rb4 57. Ra5 Rb7+ 58. Kg8
Rb8+ 59. Kg7 1-0

[Event "Xtracon Chess Open 2016"]
[Site "Elsinore"]
[Date "2016.07.28"]
[Round "7.117"]
[White "Justinussen, Sigurd B"]
[Black "Skaale, Janus"]
[Result "1-0"]
[WhiteElo "1959"]
[BlackElo "1628"]
[PlyCount "59"]
[EventDate "2016.07.23"]

1. e4 c5 2. Nf3 d6 3. c3 Nf6 4. Be2 g6 5. O-O Bg7 6. d3 O-O 7. Bg5 Nc6 8. Nbd2
Bg4 9. Re1 d5 10. Qc2 dxe4 11. dxe4 Qc7 12. h3 Bxf3 13. Bxf3 Ne5 14. Be2 Rfd8
15. Nc4 Nxc4 16. Bxc4 Rd7 17. e5 Nd5 18. e6 fxe6 19. Rxe6 Re8 20. Qe4 Qd8 21.
Rd1 Nf6 22. Rxe7+ Kf8 23. Rdxd7 Qxd7 24. Rxe8+ Nxe8 25. Qf3+ Qf5 26. Qxb7 Qb1+
27. Kh2 Be5+ 28. f4 Bc7 29. Qd5 Qf5 30. Qg8# 1-0

[Event "Xtracon Chess Open 2016"]
[Site "Elsinore"]
[Date "2016.07.28"]
[Round "7.118"]
[White "Rolvag, Birk Anders"]
[Black "Vestjord, Harald Christian"]
[Result "1-0"]
[WhiteElo "1959"]
[BlackElo "1608"]
[PlyCount "67"]
[EventDate "2016.07.23"]

1. d4 d5 2. c4 c6 3. cxd5 cxd5 4. Bf4 Bf5 5. Nc3 Nc6 6. e3 e6 7. Nf3 Nf6 8. Qb3
Qd7 9. Ne5 Qc8 10. Bb5 Nd7 11. O-O Ndxe5 12. Bxe5 a6 13. Bxc6+ Qxc6 14. Rfc1
Rc8 15. h3 Qd7 16. Na4 Rc6 17. Nb6 Qd8 18. Rxc6 bxc6 19. Rc1 Be7 20. Bxg7 Rg8
21. Rxc6 Rxg7 22. Rc8 Qxc8 23. Nxc8 Bxh3 24. g3 h5 25. Qa4+ Kf8 26. Nxe7 Kxe7
27. Qxa6 h4 28. Qb7+ Kf6 29. Qb8 Rg5 30. Qh8+ Kg6 31. b4 Bf5 32. Qxh4 Rh5 33.
Qf4 Be4 34. f3 1-0

[Event "Xtracon Chess Open 2016"]
[Site "Elsinore"]
[Date "2016.07.28"]
[Round "7.119"]
[White "Steenstrup, Svend"]
[Black "Skjolingstad, Sverre"]
[Result "1-0"]
[WhiteElo "1951"]
[BlackElo "1509"]
[PlyCount "38"]
[EventDate "2016.07.23"]

1. d4 Nf6 2. c4 c5 3. d5 b5 4. Qc2 bxc4 5. e4 d6 6. Bxc4 g6 7. Nc3 Bg7 8. Nge2
O-O 9. O-O Nbd7 10. a4 Ne5 11. Ba2 Ba6 12. Nb5 Bxb5 13. axb5 Qa5 14. f4 Ned7
15. Nc3 a6 16. e5 dxe5 17. fxe5 Nxe5 18. d6 exd6 19. Bxf7+ Rxf7 1-0

[Event "Xtracon Chess Open 2016"]
[Site "Elsinore"]
[Date "2016.07.28"]
[Round "7.120"]
[White "Ronnestad, Liam Jansson"]
[Black "Hjornevik, Knut J"]
[Result "0-1"]
[WhiteElo "1502"]
[BlackElo "1945"]
[PlyCount "108"]
[EventDate "2016.07.23"]

1. e4 e6 2. d4 d5 3. Nd2 Nf6 4. e5 Nfd7 5. Ngf3 c5 6. c3 Nc6 7. Bd3 Qb6 8. O-O
cxd4 9. cxd4 Nxd4 10. Nxd4 Qxd4 11. Nf3 Qb6 12. Qa4 Qb4 13. Qc2 h6 14. Bd2 Qb6
15. Rac1 Be7 16. Be3 Qd8 17. Qd2 a6 18. a4 b6 19. b4 Bb7 20. Rc2 Rc8 21. Rb1
Rxc2 22. Bxc2 Qc7 23. Bf4 g5 24. Bg3 g4 25. Nd4 Nxe5 26. Qf4 Bd6 27. Qf6 Rf8
28. Qxh6 Nc4 29. Rc1 Bxg3 30. hxg3 Qe5 31. Qf4 Qxf4 32. gxf4 Kd7 33. Re1 Kd6
34. Bd1 Nb2 35. Bxg4 Nd3 36. Rb1 Nxf4 37. g3 Rg8 38. Bf3 Nd3 39. Rb3 Ne5 40.
Be2 Rc8 41. Kg2 Rc4 42. Nf3 Nxf3 43. Bxf3 Rc7 44. Rd3 e5 45. Kf1 a5 46. b5 f5
47. Bd1 d4 48. f3 Bd5 49. Kf2 Bc4 50. Rd2 Kd5 51. g4 fxg4 52. fxg4 e4 53. Kg3
d3 54. Kf4 Kd4 0-1

[Event "Xtracon Chess Open 2016"]
[Site "Elsinore"]
[Date "2016.07.28"]
[Round "7.121"]
[White "Bluebaum, Johanna"]
[Black "Yilmaz, Kazim"]
[Result "1-0"]
[WhiteElo "1939"]
[BlackElo "1542"]
[PlyCount "195"]
[EventDate "2016.07.23"]

1. d4 d5 2. c4 c6 3. Nc3 Nf6 4. e3 e6 5. Bd3 Bb4 6. a3 Qa5 7. Bd2 Bxc3 8. Bxc3
Qc7 9. f3 Nbd7 10. Ne2 e5 11. O-O O-O 12. Rc1 Re8 13. cxd5 Nxd5 14. Bd2 exd4
15. exd4 N7f6 16. Qb3 Qb6 17. Qxb6 axb6 18. Kf2 b5 19. g4 Bd7 20. Ng3 Re7 21.
g5 Ne8 22. Rfe1 Rxe1 23. Rxe1 Nec7 24. f4 Re8 25. Rxe8+ Nxe8 26. f5 Nd6 27. b3
g6 28. f6 Nf5 29. Nxf5 Bxf5 30. Bxf5 gxf5 31. Kg3 Kf8 32. Bb4+ Ke8 33. h4 Kd7
34. Bd2 Ke6 35. Bf4 Kd7 36. Be5 Ke6 37. h5 Nb6 38. Kh4 Nd5 39. Kg3 Nb6 40. Kf3
Nd5 41. Bb8 Nb6 42. Bc7 Nd5 43. Ba5 Kd7 44. Kg3 Ke6 45. Bd8 Ne3 46. Bb6 Nd5 47.
Ba5 Kd7 48. Kf3 Ke6 49. Be1 Kd7 50. Bh4 Ke6 51. a4 bxa4 52. bxa4 b6 53. Be1 Kd7
54. Bd2 Ke6 55. Ke2 Nc7 56. Kd3 Nd5 57. Kc4 Nc7 58. Bf4 Nd5 59. Bb8 f4 60. Kd3
f3 61. Bg3 Kf5 62. g6 hxg6 63. h6 Nxf6 64. Be5 Nh7 65. Ke3 Ke6 66. Bc7 b5 67.
a5 Kd7 68. Bg3 b4 69. Be1 b3 70. Bc3 Kc7 71. Kxf3 Kb7 72. Ke4 Ka6 73. Kd3 f5
74. Bd2 g5 75. Kc3 b2 76. Kxb2 f4 77. Kc2 f3 78. Kd3 g4 79. Ke3 Nf6 80. Be1
Nd5+ 81. Kf2 Nf6 82. Kg3 Kb5 83. Kf4 c5 84. dxc5 Kxc5 85. Kf5 Ng8 86. h7 Ne7+
87. Kf6 Nd5+ 88. Kf7 f2 89. Bxf2+ Kb5 90. h8=Q Kxa5 91. Qa8+ Kb4 92. Qxd5 g3
93. Qc5+ Ka4 94. Bxg3 Kb3 95. Be1 Ka2 96. Qb4 Ka1 97. Bc3+ Ka2 98. Qb2# 1-0

[Event "Xtracon Chess Open 2016"]
[Site "Elsinore"]
[Date "2016.07.28"]
[Round "7.122"]
[White "Calderon, Paul"]
[Black "Muhsen, Abdulla.mohmmed"]
[Result "0-1"]
[WhiteElo "1828"]
[BlackElo "2227"]
[PlyCount "74"]
[EventDate "2016.07.23"]

1. Nf3 g6 2. c4 Bg7 3. Nc3 f5 4. d3 e5 5. Bg5 Bf6 6. Bxf6 Qxf6 7. Qd2 c6 8. e4
d6 9. d4 Ne7 10. O-O-O O-O 11. h4 f4 12. Be2 a6 13. g3 b5 14. c5 exd4 15. Nxd4
dxc5 16. Nf3 Ra7 17. e5 Qf5 18. Bd3 Qg4 19. Nh2 Qd7 20. Qc2 Qe6 21. h5 c4 22.
Be4 fxg3 23. fxg3 Qxe5 24. hxg6 Nxg6 25. Nf3 Qf6 26. Rdf1 Raf7 27. Qh2 Bg4 28.
Nd2 Qg5 29. Rxf7 Rxf7 30. Qg2 Ne5 31. Rf1 Rxf1+ 32. Qxf1 Nbd7 33. Kc2 Nc5 34.
Qg2 b4 35. Ncb1 Ncd3 36. Qh1 Bf5 37. Qg1 Ng4 0-1

[Event "Xtracon Chess Open 2016"]
[Site "Elsinore"]
[Date "2016.07.28"]
[Round "7.123"]
[White "Kaasen, Tor Fredrik"]
[Black "Rose, Dennis Lauge"]
[Result "1/2-1/2"]
[WhiteElo "2219"]
[BlackElo "1814"]
[PlyCount "77"]
[EventDate "2016.07.23"]

1. d4 d5 2. Nf3 e6 3. c4 c6 4. Nc3 Bd6 5. e4 dxe4 6. Nxe4 Nf6 7. Bd3 Nxe4 8.
Bxe4 Nd7 9. O-O Nf6 10. Bc2 O-O 11. Bg5 Be7 12. Qd3 g6 13. Rad1 b6 14. Ne5 Bb7
15. Qf3 Rc8 16. Ba4 Ne8 17. Bh6 Ng7 18. Bxc6 f6 19. Bxb7 fxe5 20. Qe2 Rc7 21.
Qxe5 Bd6 22. Qe4 Qf6 23. Bxg7 Kxg7 24. Bc6 Re7 25. Qc2 h5 26. c5 Bc7 27. g3 Qg5
28. d5 exd5 29. Rxd5 Qf6 30. Rd7 h4 31. Rfd1 Rff7 32. Rxe7 Qxe7 33. Bd5 Rf5 34.
c6 Rxd5 35. Rxd5 Qe1+ 36. Kg2 h3+ 37. Kf3 Qh1+ 38. Ke2 Qxd5 39. Qc3+ 1/2-1/2

[Event "Xtracon Chess Open 2016"]
[Site "Elsinore"]
[Date "2016.07.28"]
[Round "7.124"]
[White "Nielsen, Jens Holm"]
[Black "Molgaard, Steen"]
[Result "1/2-1/2"]
[WhiteElo "1801"]
[BlackElo "2078"]
[PlyCount "136"]
[EventDate "2016.07.23"]

1. Nc3 d5 2. e4 e6 3. f4 dxe4 4. Nxe4 Nd7 5. Nf3 Ngf6 6. Nf2 Be7 7. g3 b6 8.
Bg2 Bb7 9. O-O c5 10. b3 O-O 11. Bb2 Rc8 12. Re1 Qc7 13. c4 Rfd8 14. Qe2 Re8
15. d3 Rcd8 16. h4 Nh5 17. Kh2 Nxf4 18. gxf4 Qxf4+ 19. Kg1 Bxf3 20. Qxf3 Qxf3
21. Bxf3 Bxh4 22. Re2 Bf6 23. Bc6 Bxb2 24. Rxb2 Re7 25. Re1 f6 26. Bxd7 Rexd7
27. b4 cxb4 28. Rxb4 e5 29. Rb3 Rd4 30. Rb5 R8d7 31. Kg2 Kf7 32. Kf3 g5 33. Re4
Rxe4 34. Kxe4 Ke6 35. Ke3 f5 36. Rb1 g4 37. Rh1 f4+ 38. Ke2 Rg7 39. Rh6+ Kf5
40. Ne4 Rg6 41. Rh5+ Ke6 42. Ng5+ Kd6 43. Nf7+ Ke6 44. Nxe5 Rg7 45. d4 g3 46.
Nd3 g2 47. Nxf4+ Kd6 48. Nh3 g1=Q 49. Nxg1 Rxg1 50. Rh6+ Kc7 51. Rxh7+ Kb8 52.
Rh2 Rg3 53. Kd2 Ra3 54. Rh7 Rxa2+ 55. Kc3 Ra1 56. d5 Rd1 57. Rh4 Kc7 58. Kc2
Rg1 59. Rh7+ Kb8 60. Kd3 Rg4 61. Kc3 Rg1 62. Kd4 Rg5 63. d6 Rg1 64. Kd5 Re1 65.
Rc7 Rh1 66. Kc6 Rh4 67. Kb5 Rh5+ 68. Kb4 Rh1 1/2-1/2

[Event "Xtracon Chess Open 2016"]
[Site "Elsinore"]
[Date "2016.07.28"]
[Round "7.125"]
[White "Weber, Andreas"]
[Black "Rasmussen, Morten Fredsgaard"]
[Result "0-1"]
[WhiteElo "1808"]
[BlackElo "1972"]
[PlyCount "111"]
[EventDate "2016.07.23"]

1. e4 c6 2. d3 d5 3. Nd2 e5 4. Ngf3 Bg4 5. h3 Bxf3 6. Qxf3 Nf6 7. g3 Nbd7 8.
Bg2 Be7 9. O-O O-O 10. Re1 Re8 11. b3 Qa5 12. Qd1 Bb4 13. a3 Bc3 14. Rb1 Rad8
15. b4 Qb6 16. Rb3 d4 17. Nc4 Qc7 18. Rf1 b5 19. Nd2 c5 20. Nf3 c4 21. Rb1 h6
22. Nh2 a5 23. Ng4 Nxg4 24. hxg4 axb4 25. axb4 Qd6 26. g5 hxg5 27. Bxg5 Ra8 28.
Bh3 f6 29. Bh4 Nf8 30. Kg2 g5 31. Bf5 Re7 32. Rh1 Qc6 33. g4 gxh4 34. Rxh4 Rg7
35. Qh1 Ng6 36. Bxg6 Rxg6 37. Rh8+ Kf7 38. Qh7+ Rg7 39. Qh5+ Ke7 40. Rh7 Rag8
41. Rh1 Qe6 42. f3 cxd3 43. Qh6 Qf7 44. Rh8 dxc2 45. Rc1 d3 46. Rxg8 Rxg8 47.
Qe3 d2 48. Qc5+ Kd8 49. Qd6+ Qd7 50. Qb8+ Ke7 51. Qxg8 dxc1=Q 52. Qg7+ Ke6 53.
Qg8+ Kd6 54. Qf8+ Qe7 55. Qb8+ Ke6 56. Qb6+ 0-1

[Event "Xtracon Chess Open 2016"]
[Site "Elsinore"]
[Date "2016.07.28"]
[Round "7.126"]
[White "Bering, Anders"]
[Black "Opasiak, Dustin Tennessee"]
[Result "0-1"]
[WhiteElo "1967"]
[BlackElo "1807"]
[PlyCount "70"]
[EventDate "2016.07.23"]

1. c4 e5 2. g3 Nc6 3. Bg2 Nf6 4. Nc3 Bb4 5. Nf3 O-O 6. Nd5 a5 7. O-O Re8 8. d4
Nxd5 9. cxd5 Nxd4 10. Nxd4 exd4 11. Qxd4 Rxe2 12. Be3 Qf6 13. Qd3 Qxb2 14. Rfc1
b6 15. Bf1 Ba6 16. Qe4 Rxe3 17. Qxe3 Bxf1 18. Kxf1 Bd2 19. Rcb1 Bxe3 20. Rxb2
Bd4 21. Rab1 Bxb2 22. Rxb2 d6 23. Rc2 Rc8 24. Ke2 Kf8 25. Kd3 Ke7 26. Re2+ Kd7
27. Rb2 Re8 28. f4 Re1 29. Kd2 Rh1 30. Kc3 Rc1+ 31. Kd4 Rc5 32. a4 c6 33. dxc6+
Kxc6 34. Re2 b5 35. axb5+ Rxb5 0-1